Palabras clave para una pedagogía de la memoria /
El libro compila 50 términos, entre los que se pueden encontrar conceptos y acontecimientos como "Terrorismo de Estado", "Genocidios", "Desaparecidos" o "Juicio a las Juntas Militares de 1985", algunos términos y problemas menos transitados como "Delitos...
Guardado en:
| Autor Corporativo: | |
|---|---|
| Otros Autores: | , , , , |
| Formato: | Libro |
| Publicado: |
Buenos Aires :
Dirección General de Cultura y Educación de la Provincia de Buenos Aires,
2025.
|
| Edición: | 1a ed. |
| Series: | Biblioteca pedagógica bonaerense
|
| Materias: | |
| Etiquetas: |
Agregar Etiqueta
Sin Etiquetas, Sea el primero en etiquetar este registro!
|
| LEADER | 02021nam a22003015a 4500 | ||
|---|---|---|---|
| 001 | CEM.cems025074 | ||
| 008 | 260204s2025####sp#######b####000#0#####d | ||
| 005 | 20260204152614.0 | ||
| 245 | 1 | 0 | |a Palabras clave para una pedagogía de la memoria / |c Dirección General de Cultura y Educación de la Provincia de Buenos Aires. |
| 250 | |a 1a ed. | ||
| 260 | |a Buenos Aires : |b Dirección General de Cultura y Educación de la Provincia de Buenos Aires, |c 2025. | ||
| 300 | |a 150 p. | ||
| 490 | 0 | |a Biblioteca pedagógica bonaerense | |
| 504 | |a Bibliografía p. 261. | ||
| 520 | |a El libro compila 50 términos, entre los que se pueden encontrar conceptos y acontecimientos como "Terrorismo de Estado", "Genocidios", "Desaparecidos" o "Juicio a las Juntas Militares de 1985", algunos términos y problemas menos transitados como "Delitos sexuales" (cometidos en los centros clandestinos de detención), "Reparación de legajos" o "Impunidad" y otros sobre aspectos discutidos en el presente como "Discursos de odio", "Memoria completa" o "Negacionismo". Junto con los 50 términos, cada uno de ellos desarrollado en dos páginas con bibliografía mínima, el vocabulario ofrece un apartado con propuestas de actividades para trabajar en el aula y un índice final de nombres, temas y lugares mencionados. Por último, la propuesta incluye una convocatoria a que desde las instituciones educativas elaboren una nueva palabra que podría incluirse entre las 50, la "Palabra clave 51". | ||
| 020 | |a 9789876761642 | ||
| 110 | 2 | |a Dirección General de Cultura y Educación de la Provincia de Buenos Aires. | |
| 700 | 1 | |a Sileoni, Alberto; prol. | |
| 700 | 1 | |a Adamoli, Celeste; ed. | |
| 700 | 1 | |a Flachsland, Cecilia; ed. | |
| 700 | 1 | |a Luzuriaga, Pablo; ed. | |
| 700 | 1 | |a Rosemberg, Violeta; ed. | |
| 653 | |a Pedagogía de la memoria | ||
| 653 | |a Derechos humanos | ||
| 653 | |a Dictadura | ||
| 653 | |a Terrorismo de Estado | ||
| 653 | |a Memoria, Verdad y Justicia | ||
| 859 | |a CEMS |b BIB. CEMS - 11 de abril |h 364.15 |i Ad16 |p 30548.25 |t Ej.1 | ||
